Statistiques concernant One piece quiz #2

Cliquez ici pour prendre le quiz!

Statistiques générales

  • Ce quiz a été pris 280 fois
    (279 depuis la dernière actualisation)
  • Le résultat moyen est 10 sur 15

Statistiques - réponses

QuestionRéponse% Correct
Comment s’appelle le père d' Usopp ?Yasopp
94%
A combien s'élevait la première prime de Luffy ?30 millions
89%
Quelle est le seul tobi roppo à faire parti de la génération terrible ?X-drake
89%
Qui est Kamazo le tueur à la faucille ?Killer
86%
Quel est la taupe infiltré parmi les fourreaux rouges ?Kanjuro
85%
Qui est surnommée le tigre violet ?Fujitora
80%
Comment s'appelle la femme d'oden ?Toki
73%
Quelle est le seul supernova qui ne fait pas vraiment parti d'un arc ?Urouge
73%
Qui est Aramaki ?Ryokugyu
68%
Quelle est le commandant de la 5ème flotte de barbe blanche ?Vista
65%
Quel est le membre du CP9 à se faire battre par Franky ?Fukuro
50%
Comment s'appelle le plat préférer de queen ?Shiruko
39%
Combien d'île comporte l'arc de Alabasta ?4
37%
Comment s'appelle la femme de Senor Pink ?Lucian
34%
Quel est le 5ème grand corsaire à faire son apparition ?Moria
22%

Distribution des résultats

Percentile par nombre de réponses

% des personnes avec chaque résultat

Votre développement - résultats

Vous n’avez pas pris ce quiz depuis la dernière actualisation